| 000 | 00522nam a2200181 a 4500 | ||
|---|---|---|---|
| 005 | 20140310183342.0 | ||
| 008 | 070122s19uu xx 00 eng d | ||
| 020 | _a1-57280-053-4 | ||
| 050 |
_aTK 5105 _b.Y42 1995 |
||
| 100 | _aYee, Bernie | ||
| 245 |
_aOfficial player's guide : _bRise of the Triad. / _cBernie Yee |
||
| 260 |
_aU.S.A : _bInfotainment World, Inc, _c1995. |
||
| 300 |
_a201 p. : _bill. ; _c25 cm. |
||
| 521 | _aIT | ||
| 650 |
_aVideo games. _xSocial aspects. |
||
| 942 |
_cBK _2lcc _kFOR |
||
| 999 |
_c21832 _d21832 |
||